[Event "NB II. Barcza csoport"]
[Site "Nyiregyhaza"]
[Date "2024.04.21"]
[Round "8.4"]
[White "Gocza, Adam"]
[Black "Balazs, Ladislav"]
[Result "1-0"]
[WhiteElo "2019"]
[BlackElo "2052"]
[PlyCount "131"]
[EventDate "2023.10.08"]
[EventType "team-tourn"]
[EventRounds "9"]
[EventCountry "HUN"]
[Source "chess.hu"]
[WhiteTeam "NYESE"]
[BlackTeam "Kazincbarcika VSC"]
[WhiteTeamCountry "HUN"]
[BlackTeamCountry "HUN"]

1. e4 d5 2. exd5 Nf6 3. c4 c6 4. d4 cxd5 5. Nc3 Nc6 6. Nf3 Bg4 7. cxd5 Nxd5 8.
Qb3 Bxf3 9. gxf3 e6 10. Qxb7 Nxd4 11. Bb5+ Nxb5 12. Qxb5+ Qd7 13. Nxd5 exd5 14.
Qxd7+ Kxd7 15. Be3 Bb4+ 16. Ke2 Rhc8 17. Rhc1 a5 18. Kd3 Bd6 19. Bd4 g6 20. h3
a4 21. Rxc8 Rxc8 22. Re1 h5 23. Rg1 Ke6 24. Rb1 Kf5 25. Be3 Be5 26. Bd2 Rb8 27.
b4 axb3 28. axb3 Rb5 29. b4 Bd6 30. Kd4 Be7 31. Rb3 Bd8 32. Kd3 Bb6 33. Ke2 Bc5
34. Ra3 Bb6 35. Ra8 Bd4 36. Ra5 Rxa5 37. bxa5 Ba7 38. Kd3 d4 39. Kc4 Ke5 40.
Bc1 Kd6 41. Bb2 d3 42. Kxd3 Bxf2 43. Bd4 Bg3 44. a6 Kc6 45. a7 Kb7 46. Ke3 g5
47. Ke4 Bd6 48. Kf5 g4 49. fxg4 hxg4 50. hxg4 Be7 51. Be3 Bd8 52. Bc5 Bh4 53.
Ke5 Bg5 54. Kd6 Ka8 55. Kc7 Bh4 56. Kd7 Bg5 57. Ke8 f6 58. Kf7 Bh4 59. Bd4 Bg5
60. Ke6 Bh4 61. Bxf6 Bf2 62. g5 Be3 63. g6 Bh6 64. Bg5 Bg7 65. Kf7 Ba1 66. Bf6
1-0

[Event "NB II. Barcza csoport"]
[Site "Nyiregyhaza"]
[Date "2024.04.21"]
[Round "8.5"]
[White "Kubik, Janos"]
[Black "Pozsonyi, Istvan"]
[Result "0-1"]
[WhiteElo "1956"]
[BlackElo "1920"]
[PlyCount "74"]
[EventDate "2023.10.08"]
[EventType "team-tourn"]
[EventRounds "9"]
[EventCountry "HUN"]
[Source "chess.hu"]
[WhiteTeam "Kazincbarcika VSC"]
[BlackTeam "NYESE"]
[WhiteTeamCountry "HUN"]
[BlackTeamCountry "HUN"]

1. d4 d5 2. c4 e6 3. Nc3 f5 4. Nf3 c6 5. Bf4 Nf6 6. e3 Bd6 7. Bxd6 Qxd6 8. Rc1
O-O 9. a3 Nbd7 10. b4 Ne4 11. c5 Qe7 12. b5 e5 13. bxc6 bxc6 14. Nxe5 Nxe5 15.
Nxe4 fxe4 16. dxe5 Qxe5 17. Qd4 Qf5 18. Rc2 Rb8 19. Rb2 Rb7 20. h3 Qf7 21. g4
Qe7 22. Rxb7 Qxb7 23. Be2 Qb1+ 24. Bd1 Ba6 25. Qd2 Bd3 26. f4 exf3 27. Kf2 Be4
28. Re1 Qb8 29. Rh1 Qe5 30. Qd4 Qg5 31. Rg1 Rb8 32. Ba4 Rb1 33. Bxc6 Rxg1 34.
Kxg1 Qh4 35. Bxd5+ Kf8 36. Qe5 Qe1+ 37. Kh2 Qf2+ 0-1

[Event "NB II. Barcza csoport"]
[Site "Nyiregyhaza"]
[Date "2024.04.21"]
[Round "8.6"]
[White "Orso, Janos"]
[Black "Heinrich, Jan"]
[Result "1/2-1/2"]
[WhiteElo "1990"]
[BlackElo "1886"]
[PlyCount "44"]
[EventDate "2023.10.08"]
[EventType "team-tourn"]
[EventRounds "9"]
[EventCountry "HUN"]
[Source "chess.hu"]
[WhiteTeam "NYESE"]
[BlackTeam "Kazincbarcika VSC"]
[WhiteTeamCountry "HUN"]
[BlackTeamCountry "HUN"]

1. d4 d5 2. c4 e6 3. Nf3 Nf6 4. Bg5 Be7 5. e3 O-O 6. Nc3 b6 7. cxd5 exd5 8. Bd3
Bb7 9. O-O Nbd7 10. Qc2 c5 11. dxc5 bxc5 12. Rfd1 h6 13. Bh4 Qb6 14. Rac1 Bc6
15. Bf5 Rfd8 16. Rd2 d4 17. exd4 Bxf3 18. dxc5 Nxc5 19. Rxd8+ Rxd8 20. gxf3 Ne6
21. Bxe6 Qxe6 22. Rd1 Rxd1+ 1/2-1/2

[Event "NB II. Barcza csoport"]
[Site "Nyiregyhaza"]
[Date "2024.04.21"]
[Round "8.7"]
[White "Marko, Arpad"]
[Black "Bekesi, Janos"]
[Result "0-1"]
[WhiteElo "1896"]
[BlackElo "1926"]
[PlyCount "62"]
[EventDate "2023.10.08"]
[EventType "team-tourn"]
[EventRounds "9"]
[EventCountry "HUN"]
[Source "chess.hu"]
[WhiteTeam "Kazincbarcika VSC"]
[BlackTeam "NYESE"]
[WhiteTeamCountry "HUN"]
[BlackTeamCountry "HUN"]

1. e4 c6 2. d4 d5 3. Nc3 dxe4 4. Nxe4 Nf6 5. Ng3 g6 6. h3 Bg7 7. Nf3 O-O 8. Bc4
Nbd7 9. O-O b5 10. Bd3 Bb7 11. Re1 a6 12. b3 c5 13. Ba3 b4 14. Bb2 e6 15. Ne5
Qc7 16. Qe2 Nd5 17. Bc4 Nf4 18. Qd2 Nxe5 19. dxe5 Nxg2 20. Red1 Nh4 21. Qd7 Qb8
22. f4 g5 23. Nh5 Bf3 24. Nxg7 Kxg7 25. Rd6 Ra7 26. Qa4 Qa8 27. Rf1 Bg2 28. Rf2
Qe4 29. Rd1 Bxh3 30. Bd3 Qe3 31. Be2 Qg3+ 0-1

[Event "NB II. Barcza csoport"]
[Site "Nyiregyhaza"]
[Date "2024.04.21"]
[Round "8.8"]
[White "Csorsz, Ferenc"]
[Black "Fazekas, Istvan"]
[Result "1-0"]
[WhiteElo "1961"]
[BlackElo "1876"]
[PlyCount "65"]
[EventDate "2023.10.08"]
[EventType "team-tourn"]
[EventRounds "9"]
[EventCountry "HUN"]
[Source "chess.hu"]
[WhiteTeam "NYESE"]
[BlackTeam "Kazincbarcika VSC"]
[WhiteTeamCountry "HUN"]
[BlackTeamCountry "HUN"]

1. e4 e5 2. Nf3 Nc6 3. Bc4 Bc5 4. d4 Bxd4 5. Nxd4 exd4 6. c3 Qf6 7. O-O Nge7 8.
f4 dxc3 9. e5 cxb2 10. Bxb2 Qh4 11. Nc3 a6 12. Nd5 O-O 13. Nxc7 Rb8 14. Bb3 Nf5
15. Ba3 Ne3 16. Qd6 Rd8 17. Rf3 Ng4 18. h3 Nh6 19. Rd1 b5 20. g3 Qxh3 21. Qxc6
Bb7 22. Qc3 Nf5 23. Bd5 b4 24. Bxb4 Bxd5 25. Nxd5 Rdc8 26. Nc7 h5 27. Rxd7 Nxg3
28. Rxg3 Qxd7 29. e6 Qd1+ 30. Kh2 f6 31. Rg1 Qd8 32. e7 Qd7 33. Qxf6 1-0

[Event "NB II. Barcza csoport"]
[Site "Nyiregyhaza"]
[Date "2024.04.21"]
[Round "8.9"]
[White "Jonizs, Zoltan"]
[Black "Zelei, Imre"]
[Result "1/2-1/2"]
[WhiteElo "1839"]
[BlackElo "1935"]
[PlyCount "48"]
[EventDate "2023.10.08"]
[EventType "team-tourn"]
[EventRounds "9"]
[EventCountry "HUN"]
[Source "chess.hu"]
[WhiteTeam "Kazincbarcika VSC"]
[BlackTeam "NYESE"]
[WhiteTeamCountry "HUN"]
[BlackTeamCountry "HUN"]

1. e4 e5 2. Nf3 Nc6 3. Bc4 Nf6 4. d3 h6 5. O-O d6 6. h3 g5 7. g4 Bg7 8. Nc3 Be6
9. Bb5 O-O 10. Bxc6 bxc6 11. Be3 c5 12. Qd2 Qd7 13. Nh2 Rab8 14. Rab1 Rfd8 15.
b3 Qc6 16. f3 Nh7 17. Qf2 Nf8 18. h4 f6 19. Ne2 Qa6 20. a4 Qa5 21. Ng3 Ng6 22.
hxg5 hxg5 23. Qd2 Qa6 24. Nh5 Nf4 1/2-1/2

[Event "NB II. Barcza csoport"]
[Site "Nyiregyhaza"]
[Date "2024.04.21"]
[Round "8.11"]
[White "Fazekas, David"]
[Black "Laskai, Gabor"]
[Result "1-0"]
[WhiteElo "1596"]
[BlackElo "1882"]
[PlyCount "115"]
[EventDate "2023.10.08"]
[EventType "team-tourn"]
[EventRounds "9"]
[EventCountry "HUN"]
[Source "chess.hu"]
[WhiteTeam "Kazincbarcika VSC"]
[BlackTeam "NYESE"]
[WhiteTeamCountry "HUN"]
[BlackTeamCountry "HUN"]

1. e4 c5 2. d4 e6 3. Nf3 d5 4. exd5 exd5 5. Nc3 Be6 6. Bb5+ Nc6 7. Ne5 Nge7 8.
dxc5 a6 9. Bxc6+ Nxc6 10. Nxc6 bxc6 11. Be3 Be7 12. O-O O-O 13. a3 Rb8 14. b4
a5 15. Rb1 Qc7 16. Qf3 Qd7 17. Bd4 Bf5 18. Qg3 f6 19. Rb2 Rb7 20. Na4 Bd8 21.
Qd6 Bc7 22. Qxd7 Bxd7 23. Re1 Re8 24. Rxe8+ Bxe8 25. c3 Kf8 26. bxa5 Rxb2 27.
Nxb2 Bxa5 28. c4 Bf7 29. cxd5 Bxd5 30. Nd3 Ke7 31. Nb4 Ke6 32. f3 g5 33. Kf2 f5
34. Ke3 h5 35. g3 Bc7 36. f4 h4 37. Nxd5 Kxd5 38. fxg5 hxg3 39. hxg3 Bxg3 40.
Kf3 Bc7 41. g6 Ke6 42. a4 Ke7 43. g7 Kf7 44. Bc3 Kg8 45. a5 Bb8 46. Kg2 Kf7 47.
Bd4 Kg8 48. Kh3 Kf7 49. Kh4 Kg8 50. Kg5 f4 51. Kg6 f3 52. a6 Ba7 53. Kf6 Bb8
54. Ke6 f2 55. Bxf2 Kxg7 56. Kd7 Kf7 57. Kxc6 Ke7 58. Bh4+ 1-0

[Event "NB II. Barcza csoport"]
[Site "Nyiregyhaza"]
[Date "2024.04.21"]
[Round "8.12"]
[White "Simon, Ors Attila"]
[Black "Gyenge, Attila"]
[Result "1-0"]
[WhiteElo "1847"]
[BlackElo "1633"]
[PlyCount "133"]
[EventDate "2023.10.08"]
[EventType "team-tourn"]
[EventRounds "9"]
[EventCountry "HUN"]
[Source "chess.hu"]
[WhiteTeam "NYESE"]
[BlackTeam "Kazincbarcika VSC"]
[WhiteTeamCountry "HUN"]
[BlackTeamCountry "HUN"]

1. e4 e5 2. Nf3 Nc6 3. Nc3 Nf6 4. Bb5 d6 5. d4 Bd7 6. dxe5 Nxe5 7. Nxe5 dxe5 8.
O-O c6 9. Bc4 Bg4 10. f3 Bc5+ 11. Kh1 Bh5 12. Bg5 Be7 13. Qe2 h6 14. Bh4 O-O
15. Rad1 Qc7 16. Qe3 b5 17. Bd3 Rfe8 18. a3 a6 19. Be2 Rad8 20. h3 Bg6 21. Rd3
Nh7 22. Bxe7 Rxd3 23. Qxd3 Qxe7 24. Rd1 Qc7 25. Qd7 Rc8 26. Qxc7 Rxc7 27. Rd8+
Nf8 28. Ra8 f6 29. Rxa6 Ne6 30. Bxb5 Nd4 31. Bd3 Bf7 32. Ne2 c5 33. Nxd4 exd4
34. Ra8+ Kh7 35. e5+ Bg6 36. exf6 Bxd3 37. cxd3 gxf6 38. Rd8 h5 39. b4 c4 40.
dxc4 Rxc4 41. b5 Kg6 42. b6 Rc1+ 43. Kh2 Rb1 44. Rxd4 Rxb6 45. a4 Ra6 46. h4
Ra5 47. Rb4 Kf7 48. Kg3 Kg6 49. Kh3 Kh6 50. g4 hxg4+ 51. fxg4 Kg6 52. Kg3 Rd5
53. h5+ Kh6 54. Rf4 Kg7 55. Rb4 Ra5 56. Kf3 Kh6 57. Rf4 Kg7 58. Ke3 Re5+ 59.
Kd4 Ra5 60. Kc3 Kf7 61. Kb4 Rg5 62. a5 Ke6 63. Ka4 Kf7 64. a6 Ke6 65. h6 Kf7
66. h7 Kg7 67. a7 1-0

[Event "NB II. Barcza csoport"]
[Site "Hajduboszormeny"]
[Date "2024.04.21"]
[Round "8.2"]
[White "Leviczky, Tibor"]
[Black "Kemendi, Daniel"]
[Result "1-0"]
[WhiteElo "2274"]
[BlackElo "1947"]
[PlyCount "77"]
[EventDate "2023.10.08"]
[EventType "team-tourn"]
[EventRounds "9"]
[EventCountry "HUN"]
[Source "chess.hu"]
[WhiteTeam "Hajduboszormenyi SE"]
[BlackTeam "DVTK II."]
[WhiteTeamCountry "HUN"]
[BlackTeamCountry "HUN"]

1. Nf3 d5 2. c4 e6 3. g3 Nf6 4. Bg2 Be7 5. O-O c5 6. cxd5 exd5 7. d4 c4 8. b3
cxb3 9. Qxb3 b6 10. Ne5 Bb7 11. Bg5 Nbd7 12. Nc3 h6 13. Bxf6 Nxf6 14. e4 O-O
15. exd5 Rc8 16. Rfd1 a6 17. Nc6 Bxc6 18. dxc6 b5 19. Rac1 Qc7 20. a4 b4 21.
Nb1 Ne8 22. Nd2 Nd6 23. Nf3 Nf5 24. Bh3 g6 25. Bxf5 gxf5 26. Ne5 Rcd8 27. Qf3
Bg5 28. Rb1 f4 29. h4 Bf6 30. Nd7 Rxd7 31. Qg4+ Kh8 32. Qxd7 Qxd7 33. cxd7 Rd8
34. Rxb4 Rxd7 35. Kg2 Rd6 36. d5 fxg3 37. fxg3 Kg7 38. Rc4 a5 39. Rc6 1-0

[Event "NB II. Barcza csoport"]
[Site "Hajduboszormeny"]
[Date "2024.04.21"]
[Round "8.3"]
[White "Laszlo, Zoltan"]
[Black "Toth, Tamas"]
[Result "1/2-1/2"]
[WhiteElo "1863"]
[BlackElo "2210"]
[PlyCount "80"]
[EventDate "2023.10.08"]
[EventType "team-tourn"]
[EventRounds "9"]
[EventCountry "HUN"]
[Source "chess.hu"]
[WhiteTeam "DVTK II."]
[BlackTeam "Hajduboszormenyi SE"]
[WhiteTeamCountry "HUN"]
[BlackTeamCountry "HUN"]

1. Nf3 d5 2. d4 Nf6 3. c4 e6 4. Nc3 c6 5. e3 Nbd7 6. Qc2 dxc4 7. Bxc4 b5 8. Bd3
Bb7 9. a3 a6 10. b4 a5 11. Rb1 axb4 12. axb4 Bd6 13. Bd2 O-O 14. e4 e5 15. O-O
Re8 16. Ne2 Ra3 17. Rfd1 exd4 18. Nexd4 Ne5 19. Bg5 h6 20. Bxf6 Qxf6 21. Nxe5
Bxe5 22. Nf3 Bc3 23. e5 Qe7 24. Bf5 Bc8 25. Be4 Qa7 26. Bxc6 Ra2 27. Qxa2 Qxa2
28. Bxe8 Bb2 29. Bxb5 Bf5 30. Rd8+ Kh7 31. Rbd1 g6 32. Bd3 Bg4 33. h3 Bxf3 34.
gxf3 Bxe5 35. Be4 Bc7 36. R8d7 Bb6 37. R1d2 Qa1+ 38. Kg2 Qf6 39. R2d6 Qg5+ 40.
Kf1 Qc1+ 1/2-1/2

[Event "NB II. Barcza csoport"]
[Site "Hajduboszormeny"]
[Date "2024.04.21"]
[Round "8.4"]
[White "Ballai, Zsolt"]
[Black "Juhasz, Sandor"]
[Result "1/2-1/2"]
[WhiteElo "2214"]
[BlackElo "1835"]
[PlyCount "85"]
[EventDate "2023.10.08"]
[EventType "team-tourn"]
[EventRounds "9"]
[EventCountry "HUN"]
[Source "chess.hu"]
[WhiteTeam "Hajduboszormenyi SE"]
[BlackTeam "DVTK II."]
[WhiteTeamCountry "HUN"]
[BlackTeamCountry "HUN"]

1. d4 e6 2. c4 d5 3. Nc3 Nf6 4. cxd5 exd5 5. Bg5 c6 6. e3 h6 7. Bh4 Bf5 8. Nf3
Be7 9. Be2 Ne4 10. Bxe7 Qxe7 11. O-O O-O 12. Qb3 Rc8 13. Rfe1 Rc7 14. Rac1 Qd6
15. Na4 Nd7 16. Bd3 Ndf6 17. Nc5 Qe7 18. h3 Nxc5 19. Rxc5 Bxd3 20. Qxd3 Qe4 21.
Qxe4 Nxe4 22. Rc2 a5 23. Ne5 f6 24. Nd3 Re7 25. Rb1 Kf7 26. b3 Ke8 27. Kf1 Kd8
28. Ke2 a4 29. Kf3 axb3 30. axb3 Ra3 31. Kf4 Nd6 32. Kg4 g6 33. Kf3 Ne4 34. h4
Ke8 35. Nc5 Nxc5 36. Rxc5 Kd7 37. g3 h5 38. b4 b5 39. Rcc1 Kd6 40. Rb2 Re4 41.
Rbc2 Ra6 42. Rc3 Re6 43. R3c2 1/2-1/2

[Event "NB II. Barcza csoport"]
[Site "Hajduboszormeny"]
[Date "2024.04.21"]
[Round "8.5"]
[White "Csiki, Laszlo Levente"]
[Black "Bartha, Gabor"]
[Result "0-1"]
[WhiteElo "1759"]
[BlackElo "2071"]
[PlyCount "142"]
[EventDate "2023.10.08"]
[EventType "team-tourn"]
[EventRounds "9"]
[EventCountry "HUN"]
[Source "chess.hu"]
[WhiteTeam "DVTK II."]
[BlackTeam "Hajduboszormenyi SE"]
[WhiteTeamCountry "HUN"]
[BlackTeamCountry "HUN"]

1. e4 c5 2. Nf3 d6 3. d4 cxd4 4. Qxd4 Bd7 5. Bg5 Nc6 6. Qd2 h6 7. Bh4 g5 8. Bg3
Bg7 9. c3 Nf6 10. Bd3 O-O 11. Na3 Nh5 12. Nc2 Rc8 13. Ne3 Re8 14. O-O Nxg3 15.
fxg3 a6 16. Nf5 Bxf5 17. exf5 Ne5 18. Be4 Nc4 19. Qc2 d5 20. Bd3 Qb6+ 21. Rf2
Qxb2 22. Qxb2 Nxb2 23. Rxb2 Bxc3 24. Rab1 Bxb2 25. Rxb2 Rc3 26. Bf1 b5 27. Nd4
e5 28. fxe6 fxe6 29. Re2 e5 30. Nf5 Kh7 31. g4 Rc1 32. Kf2 Kg6 33. Rd2 d4 34.
Bd3 e4 35. Nd6 Rf8+ 36. Ke2 exd3+ 37. Kxd3 Rd8 38. Nf5 Rc3+ 39. Ke4 Re8+ 40.
Kd5 d3 41. Nd4 Ra3 42. g3 Re1 43. Rf2 b4 44. h4 d2 45. h5+ Kh7 46. Rxd2 Rxg3
47. Kc4 Rxg4 48. Kxb4 Ree4 49. Kc5 Rxd4 50. Rxd4 Rxd4 51. Kxd4 Kg7 52. Ke5 Kf7
53. Kf5 Ke7 54. Ke5 Kd7 55. Kd5 Kc7 56. Kc5 a5 57. a4 g4 58. Kd4 Kc6 59. Ke4
Kc5 60. Kf4 Kb4 61. Kxg4 Kxa4 62. Kf5 Kb5 63. Kg6 a4 64. Kxh6 a3 65. Kg6 a2 66.
h6 a1=Q 67. h7 Qh8 68. Kh6 Kc6 69. Kg6 Kd6 70. Kh6 Ke6 71. Kg6 Ke7 0-1

[Event "NB II. Barcza csoport"]
[Site "Hajduboszormeny"]
[Date "2024.04.21"]
[Round "8.6"]
[White "Miklosi, Attila"]
[Black "Gyorgy, Balazs"]
[Result "1-0"]
[WhiteElo "2044"]
[BlackElo "1699"]
[PlyCount "65"]
[EventDate "2023.10.08"]
[EventType "team-tourn"]
[EventRounds "9"]
[EventCountry "HUN"]
[Source "chess.hu"]
[WhiteTeam "Hajduboszormenyi SE"]
[BlackTeam "DVTK II."]
[WhiteTeamCountry "HUN"]
[BlackTeamCountry "HUN"]

1. d4 Nf6 2. Nf3 d5 3. Bf4 c5 4. e3 e6 5. Be2 Bd6 6. Bg3 Qc7 7. O-O Nbd7 8. Nc3
a6 9. a4 O-O 10. a5 Re8 11. Bxd6 Qxd6 12. Na4 cxd4 13. exd4 Ne4 14. Bd3 h6 15.
Re1 f5 16. c3 g5 17. Ne5 Nxe5 18. dxe5 Qxe5 19. Nb6 Rb8 20. Qh5 Rf8 21. f3 Qf4
22. Qg6+ Kh8 23. Qxh6+ Kg8 24. fxe4 fxe4 25. Rf1 Qd6 26. Qxg5+ Kh7 27. Rxf8
Qxf8 28. Rf1 Qg7 29. Qh5+ Kg8 30. Qe8+ Kh7 31. Rf7 exd3 32. Rxg7+ Kxg7 33. Kf2
1-0

[Event "NB II. Barcza csoport"]
[Site "Hajduboszormeny"]
[Date "2024.04.21"]
[Round "8.7"]
[White "Toth, Kinga"]
[Black "Toth, Janos"]
[Result "0-1"]
[WhiteElo "1641"]
[BlackElo "2047"]
[PlyCount "72"]
[EventDate "2023.10.08"]
[EventType "team-tourn"]
[EventRounds "9"]
[EventCountry "HUN"]
[Source "chess.hu"]
[WhiteTeam "DVTK II."]
[BlackTeam "Hajduboszormenyi SE"]
[WhiteTeamCountry "HUN"]
[BlackTeamCountry "HUN"]

1. e4 e5 2. Nf3 Nc6 3. Nc3 Nf6 4. Be2 Be7 5. O-O O-O 6. d4 exd4 7. Nxd4 Nxd4 8.
Qxd4 d6 9. Kh1 a6 10. f4 c5 11. Qd3 b5 12. Bf3 Rb8 13. Qe2 b4 14. Nd5 Nxd5 15.
exd5 Bf6 16. Qd3 Bd7 17. Re1 Bb5 18. Qd1 Re8 19. Be4 Bd4 20. Qf3 f5 21. c3 fxe4
22. Rxe4 Rxe4 23. Qxe4 Qe8 24. Qe6+ Qxe6 25. dxe6 bxc3 26. bxc3 Bxc3 27. Rb1
Re8 28. f5 g6 29. Rb3 Bd4 30. Rg3 Kg7 31. Bg5 Be5 32. Rh3 gxf5 33. e7 Bf6 34.
Bh6+ Kg6 35. Bf8 Bxe7 36. Rg3+ Kf7 0-1

[Event "NB II. Barcza csoport"]
[Site "Hajduboszormeny"]
[Date "2024.04.21"]
[Round "8.8"]
[White "Kovacs, Marton"]
[Black "Toth, Antal Kazimierz"]
[Result "1-0"]
[WhiteElo "2115"]
[BlackElo "1609"]
[PlyCount "41"]
[EventDate "2023.10.08"]
[EventType "team-tourn"]
[EventRounds "9"]
[EventCountry "HUN"]
[Source "chess.hu"]
[WhiteTeam "Hajduboszormenyi SE"]
[BlackTeam "DVTK II."]
[WhiteTeamCountry "HUN"]
[BlackTeamCountry "HUN"]

1. d4 d5 2. c4 e6 3. Nc3 Nf6 4. Nf3 Nbd7 5. Bf4 a6 6. cxd5 exd5 7. e3 Bb4 8.
Bd3 h6 9. h3 O-O 10. a3 Bxc3+ 11. bxc3 c5 12. O-O Re8 13. c4 b6 14. Rb1 Bb7 15.
a4 a5 16. Qb3 Ba6 17. Rfd1 Rc8 18. Rbc1 Rc6 19. cxd5 c4 20. dxc6 cxb3 21. Bxa6
1-0

[Event "NB II. Barcza csoport"]
[Site "Hajduboszormeny"]
[Date "2024.04.21"]
[Round "8.9"]
[White "Turcsanyi, Vendel Tamas"]
[Black "Toviskes, Antal"]
[Result "0-1"]
[WhiteElo "1588"]
[BlackElo "2011"]
[PlyCount "50"]
[EventDate "2023.10.08"]
[EventType "team-tourn"]
[EventRounds "9"]
[EventCountry "HUN"]
[Source "chess.hu"]
[WhiteTeam "DVTK II."]
[BlackTeam "Hajduboszormenyi SE"]
[WhiteTeamCountry "HUN"]
[BlackTeamCountry "HUN"]

1. e4 c5 2. Nf3 d6 3. d4 cxd4 4. Qxd4 a6 5. Nc3 Nc6 6. Qd2 g6 7. b3 Bg7 8. Bb2
Nf6 9. Bd3 O-O 10. O-O-O Qa5 11. Kb1 Nb4 12. Na4 b5 13. Nc3 Bb7 14. Rhe1 Rac8
15. a3 Nxd3 16. Qxd3 Ng4 17. b4 Qc7 18. Nd5 Bxd5 19. Bxg7 Nxf2 20. Qxd5 Qxc2+
21. Ka1 Nxd1 22. Rxd1 Kxg7 23. Qd4+ Kg8 24. e5 Rc3 25. e6 Rxa3# 0-1

[Event "NB II. Barcza csoport"]
[Site "Hajduboszormeny"]
[Date "2024.04.21"]
[Round "8.10"]
[White "Toth, Gergely"]
[Black "Kovacs, Mate"]
[Result "1-0"]
[WhiteElo "1752"]
[BlackElo "1651"]
[PlyCount "77"]
[EventDate "2023.10.08"]
[EventType "team-tourn"]
[EventRounds "9"]
[EventCountry "HUN"]
[Source "chess.hu"]
[WhiteTeam "Hajduboszormenyi SE"]
[BlackTeam "DVTK II."]
[WhiteTeamCountry "HUN"]
[BlackTeamCountry "HUN"]

1. e4 c6 2. d4 d5 3. exd5 cxd5 4. c4 Nf6 5. Nc3 Bf5 6. Nf3 e6 7. c5 Nc6 8. Bb5
Rc8 9. O-O a6 10. Ba4 Bg4 11. h3 Bh5 12. Be3 Ne4 13. Bc2 f5 14. Bd3 g5 15. Be2
g4 16. Nh2 Rg8 17. hxg4 fxg4 18. Nxe4 dxe4 19. Nxg4 Bxg4 20. Bxg4 Qh4 21. Bxe6
Rxg2+ 22. Kxg2 Rc7 23. Rg1 Nd8 24. Qa4+ Nc6 25. d5 Bh6 26. Bxh6 Qxh6 27. Qxe4
Rg7+ 28. Kf1 Rxg1+ 29. Kxg1 Qg7+ 30. Qg4 Qxg4+ 31. Bxg4 h5 32. dxc6 hxg4 33.
cxb7 g3 34. b8=Q+ Ke7 35. Re1+ Kf6 36. Qf4+ Kg6 37. Re6+ Kg7 38. Qf6+ Kg8 39.
Re8+ 1-0

[Event "NB II. Barcza csoport"]
[Site "Hajduboszormeny"]
[Date "2024.04.21"]
[Round "8.12"]
[White "Henczel, Donat"]
[Black "Bardos, Bercel Istvan"]
[Result "1-0"]
[WhiteElo "1780"]
[BlackElo "1560"]
[PlyCount "75"]
[EventDate "2023.10.08"]
[EventType "team-tourn"]
[EventRounds "9"]
[EventCountry "HUN"]
[Source "chess.hu"]
[WhiteTeam "Hajduboszormenyi SE"]
[BlackTeam "DVTK II."]
[WhiteTeamCountry "HUN"]
[BlackTeamCountry "HUN"]

1. d4 Nf6 2. c4 g6 3. Nc3 d5 4. e3 Bg7 5. Nf3 O-O 6. Be2 c5 7. O-O cxd4 8. Nxd4
e6 9. Qb3 e5 10. Nf3 d4 11. Rd1 Nc6 12. exd4 exd4 13. Bg5 h6 14. Bh4 g5 15. Bg3
Re8 16. Bf1 Nh5 17. Nd5 Nxg3 18. hxg3 g4 19. Nh4 b6 20. Bd3 Be6 21. Rac1 Bxd5
22. cxd5 Na5 23. Qa4 Qxd5 24. b4 Nb7 25. Bb5 Re7 26. Bc6 Qe6 27. Re1 Qxe1+ 28.
Rxe1 Rxe1+ 29. Kh2 Re7 30. Nf5 Rc7 31. Nd6 Nxd6 32. Bxa8 d3 33. Qd1 Rc3 34. f3
Nc4 35. Bd5 Nb2 36. Qd2 Rc2 37. Qe3 d2 38. Qe8+ 1-0

[Event "NB II. Barcza csoport"]
[Site "Kazincbarcika"]
[Date "2024.05.12"]
[Round "9.1"]
[White "Gal, Jozsef Istvan"]
[Black "Hando, Vilmos"]
[Result "1/2-1/2"]
[WhiteElo "2254"]
[BlackElo "2379"]
[PlyCount "31"]
[EventDate "2023.10.08"]
[EventType "team-tourn"]
[EventRounds "9"]
[EventCountry "HUN"]
[Source "chess.hu"]
[WhiteTeam "Hajduboszormenyi SE"]
[BlackTeam "Kazincbarcika VSC"]
[WhiteTeamCountry "HUN"]
[BlackTeamCountry "HUN"]

1. e4 c6 2. d4 d5 3. Nc3 dxe4 4. Nxe4 Bf5 5. Ng3 Bg6 6. h4 h6 7. Nf3 Nd7 8. h5
Bh7 9. Bd3 Bxd3 10. Qxd3 e6 11. Bd2 Ngf6 12. O-O-O a5 13. Kb1 Bb4 14. a3 Bxd2
15. Rxd2 Qc7 16. Ne4 1/2-1/2

[Event "NB II. Barcza csoport"]
[Site "Kazincbarcika"]
[Date "2024.05.12"]
[Round "9.4"]
[White "Ligart, Tamas"]
[Black "Ballai, Zsolt"]
[Result "1-0"]
[WhiteElo "2155"]
[BlackElo "2206"]
[PlyCount "35"]
[EventDate "2023.10.08"]
[EventType "team-tourn"]
[EventRounds "9"]
[EventCountry "HUN"]
[Source "chess.hu"]
[WhiteTeam "Kazincbarcika VSC"]
[BlackTeam "Hajduboszormenyi SE"]
[WhiteTeamCountry "HUN"]
[BlackTeamCountry "HUN"]

1. e4 c5 2. Nf3 d6 3. Bc4 Nf6 4. Qe2 e6 5. Bb3 Be7 6. c3 O-O 7. d4 Nc6 8. e5
Nd5 9. O-O cxd4 10. cxd4 Qb6 11. Rd1 Bd7 12. Nc3 Nxc3 13. bxc3 d5 14. Bc2 Rac8
15. Ng5 g6 16. Nxh7 Rfd8 17. Nf6+ Kg7 18. Qe3 1-0

[Event "NB II. Barcza csoport"]
[Site "Kazincbarcika"]
[Date "2024.05.12"]
[Round "9.5"]
[White "Bartha, Gabor"]
[Black "Karolyfalvi, Zoltan"]
[Result "1/2-1/2"]
[WhiteElo "2072"]
[BlackElo "2088"]
[PlyCount "38"]
[EventDate "2023.10.08"]
[EventType "team-tourn"]
[EventRounds "9"]
[EventCountry "HUN"]
[Source "chess.hu"]
[WhiteTeam "Hajduboszormenyi SE"]
[BlackTeam "Kazincbarcika VSC"]
[WhiteTeamCountry "HUN"]
[BlackTeamCountry "HUN"]

1. d4 b6 2. e4 e6 3. Bd3 Bb7 4. Nf3 c5 5. O-O cxd4 6. Nxd4 Nc6 7. Nxc6 Bxc6 8.
c4 Qc7 9. Nc3 Bd6 10. Kh1 Ne7 11. f4 Ng6 12. e5 Bc5 13. Qe2 O-O 14. Ne4 d6 15.
Nxc5 dxc5 16. Be3 Rad8 17. Rad1 Qb7 18. Rf2 Rd7 19. Bxg6 hxg6 1/2-1/2

[Event "NB II. Barcza csoport"]
[Site "Kazincbarcika"]
[Date "2024.05.12"]
[Round "9.6"]
[White "Balazs, Ladislav"]
[Black "Miklosi, Attila"]
[Result "1/2-1/2"]
[WhiteElo "2025"]
[BlackElo "2046"]
[PlyCount "48"]
[EventDate "2023.10.08"]
[EventType "team-tourn"]
[EventRounds "9"]
[EventCountry "HUN"]
[Source "chess.hu"]
[WhiteTeam "Kazincbarcika VSC"]
[BlackTeam "Hajduboszormenyi SE"]
[WhiteTeamCountry "HUN"]
[BlackTeamCountry "HUN"]

1. e4 c5 2. Nf3 e6 3. d4 cxd4 4. Nxd4 a6 5. Nc3 Qc7 6. Qd3 Nf6 7. Qg3 Qxg3 8.
hxg3 Bb4 9. f3 Nc6 10. Nxc6 bxc6 11. a3 Bxc3+ 12. bxc3 d5 13. e5 Nd7 14. f4 Rb8
15. Bd3 h6 16. Be3 c5 17. Kd2 c4 18. Be2 f6 19. Bh5+ Ke7 20. Bd4 Bb7 21. Rab1
Bc6 22. Rhe1 fxe5 23. fxe5 Rxb1 24. Rxb1 Rf8 1/2-1/2

[Event "NB II. Barcza csoport"]
[Site "Kazincbarcika"]
[Date "2024.05.12"]
[Round "9.7"]
[White "Toth, Janos"]
[Black "Heinrich, Jan"]
[Result "1/2-1/2"]
[WhiteElo "2049"]
[BlackElo "1884"]
[PlyCount "30"]
[EventDate "2023.10.08"]
[EventType "team-tourn"]
[EventRounds "9"]
[EventCountry "HUN"]
[Source "chess.hu"]
[WhiteTeam "Hajduboszormenyi SE"]
[BlackTeam "Kazincbarcika VSC"]
[WhiteTeamCountry "HUN"]
[BlackTeamCountry "HUN"]

1. d4 d5 2. Nf3 Nf6 3. Bg5 Nbd7 4. e3 e6 5. Bd3 Be7 6. O-O O-O 7. c4 b6 8. Nc3
Bb7 9. Qc2 h6 10. Bh4 c5 11. cxd5 Nxd5 12. Bxe7 Qxe7 13. Nxd5 Bxd5 14. Rad1
Bxf3 15. gxf3 cxd4 1/2-1/2